| 000 | 00350nam a22001457a 4500 | ||
|---|---|---|---|
| 008 | 230612b ||||| |||| 00| 0 eng d | ||
| 020 | _a9780071470513 | ||
| 041 | _aeng | ||
| 080 |
_2SEVENTH EDITION _a615 |
||
| 082 | _a615 | ||
| 100 | _a13 | ||
| 101 | _aFARK | ||
| 245 |
_aTOXICOLOGY THE BASIC SCIENCE OF POISONS _cKLAASSEN .D.C |
||
| 942 |
_2udc _cBK |
||
| 999 |
_c59930 _d59930 |
||